| 000 | 00609nam a2200193Ia 4500 | ||
|---|---|---|---|
| 003 | GCL | ||
| 008 | 140319s9999 xx 000 0 ara d | ||
| 040 |
_aGCL / _cGCL |
||
| 082 | 0 | 4 |
_a811.5 _bل ح |
| 100 | 1 | _aليلى الشايب | |
| 245 | 1 | 0 |
_aالحركة النقدية حول المتنبى فى القرنين الرابع والخامس الهجريين / _cليلى الشايب |
| 300 | _a255 | ||
| 490 |
_a100 قصة _v0 |
||
| 650 | 0 | 4 | _aالمتنبى, ابو الطيب |
| 650 | 0 | 4 | _aتاريخ ونقد |
| 650 | 0 | 4 | _aالشعر الغربى |
| 650 | 0 | 4 | _aابوالطيب |
| 942 |
_2ddc _cBK |
||
| 999 |
_c43682 _d43682 |
||